[Event "Karelian Winter amateur"]
[Site "Petrozavodsk"]
[Date "2013.12.15"]
[Round "7"]
[White "Potievskaya, Alexandra"]
[Black "Loboda, Alexey M"]
[Result "0-1"]
[WhiteElo "1908"]
[BlackElo "1859"]
[PlyCount "86"]
[EventDate "2013.12.12"]
[EventType "swiss"]
[EventRounds "7"]
[EventCountry "RUS"]
[SourceTitle "EXT 2022"]
[Source "ChessBase"]
[SourceDate "2021.10.06"]
[SourceVersion "1"]
[SourceVersionDate "2021.10.06"]
[SourceQuality "1"]

1. e4 e6 2. d4 d5 3. Nd2 Nf6 4. e5 Nfd7 5. Bd3 c5 6. c3 Nc6 7. Ne2 Qb6 8. Nf3 cxd4 9. cxd4 Nb4 10. Bb1 Be7 11. 0-0 Qa6 12. Ng3 g6 13. Be3 Nb6 14. b3 Nd7 15. Qd2 Qb6 16. a3 Nc6 17. b4 a5 18. bxa5 Nxa5 19. Qd3 Nc4 20. Bc1 Qa7 21. a4 b5 22. Bc2 b4 23. Bg5 Ba6 24. Bxe7 Ncxe5 25. Qb3 Nxf3+ 26. Qxf3 Kxe7 27. Rfd1 Bc4 28. Bb3 Rhc8 29. Ne2 Nf6 30. Nf4 Qc7 31. Ne2 Ne4 32. Bxc4 Qxc4 33. Rdc1 Nc3 34. Nxc3 bxc3 35. Ra3 c2 36. h3 Rxa4 37. Rxa4 Qxa4 38. Qd3 Rc4 39. Qe2 Qa2 40. Qd3 Qb2 41. Qd2 Qxd4 42. Qxd4 Rxd4 43. Rxc2 h5 0-1

[Event "Petrozavodsk Karelian Autumn"]
[Site "Petrozavodsk"]
[Date "2013.10.14"]
[Round "4"]
[White "Potievskaya, Alexandra"]
[Black "Radkov, Bazhen D"]
[Result "0-1"]
[WhiteElo "1901"]
[BlackElo "2027"]
[PlyCount "96"]
[EventDate "2013.10.12"]
[EventType "swiss"]
[EventRounds "9"]
[EventCountry "RUS"]
[SourceTitle "EXT 2014"]
[Source "ChessBase"]
[SourceDate "2013.11.20"]
[SourceVersion "1"]
[SourceVersionDate "2013.11.20"]
[SourceQuality "1"]

1. e4 e5 2. Nf3 Nc6 3. Bb5 f5 4. d3 fxe4 5. dxe4 Nf6 6. Nbd2 d6 7. 0-0 a6 8. Bc4 b5 9. Bb3 Na5 10. Re1 Nxb3 11. axb3 Be7 12. b4 0-0 13. h3 Qe8 14. Nf1 Kh8 15. Ng3 Nh5 16. Nxh5 Qxh5 17. Nh2 Qg6 18. Ra3 Be6 19. Rg3 Qe8 20. Bg5 c5 21. Bxe7 Qxe7 22. Qd2 Rad8 23. Rd1 c4 24. Qg5 Qc7 25. Ng4 Rd7 26. Ne3 Rdf7 27. Rf1 Qb7 28. Ng4 Qxe4 29. Qd2 Rd7 30. Re1 Qb7 31. Ra3 Qb6 32. Rea1 Ra7 33. Qe3 Qb7 34. Qd2 Qc6 35. Rd1 Rd7 36. Rda1 Ra8 37. Rf3 Bxg4 38. hxg4 d5 39. Qg5 e4 40. Rf5 d4 41. Qf4 Kg8 42. Re5 d3 43. Rxe4 dxc2 44. Rd4 Rad8 45. Rxd7 Qxd7 46. Qc1 Qd1+ 47. Kh2 Rd2 48. Kg3 Qe2 0-1

[Event "Petrozavodsk Karelian Autumn"]
[Site "Petrozavodsk"]
[Date "2013.10.13"]
[Round "3"]
[White "Nasonov, Vadim"]
[Black "Potievskaya, Alexandra"]
[Result "1-0"]
[WhiteElo "2135"]
[BlackElo "1901"]
[PlyCount "105"]
[EventDate "2013.10.12"]
[EventType "swiss"]
[EventRounds "9"]
[EventCountry "RUS"]
[SourceTitle "EXT 2014"]
[Source "ChessBase"]
[SourceDate "2013.11.20"]
[SourceVersion "1"]
[SourceVersionDate "2013.11.20"]
[SourceQuality "1"]

1. d4 d5 2. g3 Nf6 3. Bg2 Bf5 4. Nf3 e6 5. 0-0 h6 6. c4 Bd6 7. Nc3 c6 8. Nd2 0-0 9. e4 dxe4 10. Ndxe4 Be7 11. Bf4 Nxe4 12. Nxe4 Bxe4 13. Bxe4 Bg5 14. Bxg5 Qxg5 15. Qb3 Qe7 16. Rfe1 Qc7 17. d5 exd5 18. cxd5 cxd5 19. Bxd5 Nc6 20. Rac1 Rac8 21. Rc3 Rfe8 22. Rec1 Qd7 23. Qb5 Re7 24. Bxc6 Rxc6 25. Rxc6 bxc6 26. Qxc6 Qd2 27. Rc2 Qd1+ 28. Kg2 g6 29. Qa8+ Kg7 30. Rc8 Re1 31. Rg8+ Kh7 32. Rh8+ Kg7 33. Qf8+ Kf6 34. Qd8+ Qxd8 35. Rxd8 Re2 36. Rb8 Rc2 37. h4 g5 38. hxg5+ hxg5 39. Kf3 g4+ 40. Ke3 Ke6 41. a4 Rc4 42. a5 Rc5 43. b4 Rc3+ 44. Kf4 Rf3+ 45. Kxg4 Rxf2 46. b5 f5+ 47. Kg5 Rg2 48. Kf4 Rf2+ 49. Ke3 Ra2 50. b6 axb6 51. axb6 Kd6 52. b7 Rb2 53. Rd8+ 1-0

[Event "Karelian Autumn"]
[Site "Petrozavodsk"]
[Date "2012.10.18"]
[Round "8"]
[White "Loboda, Alexey M"]
[Black "Potievskaya, Alexandra"]
[Result "0-1"]
[WhiteElo "1851"]
[BlackElo "1884"]
[PlyCount "96"]
[EventDate "2012.10.14"]
[EventType "swiss"]
[EventRounds "9"]
[EventCountry "RUS"]
[SourceTitle "EXT 2013"]
[Source "ChessBase"]
[SourceDate "2012.11.22"]
[SourceVersion "1"]
[SourceVersionDate "2012.11.22"]
[SourceQuality "1"]

1. e4 c5 2. Nf3 Nc6 3. Nc3 e6 4. Bc4 d6 5. d4 cxd4 6. Nxd4 Nf6 7. Nxc6 bxc6 8. 0-0 Be7 9. f3 0-0 10. b3 Qc7 11. Bb2 e5 12. Qe2 a5 13. Rad1 Nh5 14. Bc1 Be6 15. Be3 Rfd8 16. Bxe6 fxe6 17. f4 Nxf4 18. Bxf4 exf4 19. Rxf4 Rf8 20. Rdf1 Bf6 21. Nd1 Rae8 22. R4f3 d5 23. Kh1 Qc8 24. g3 Be7 25. Kg2 Rxf3 26. Rxf3 Rf8 27. Rxf8+ Bxf8 28. Nf2 Bb4 29. Qg4 Qd7 30. Nd3 Qd6 31. Kf3 e5 32. Qf5 Bc3 33. h4 Qf8 34. Kg4 g6 35. Qxf8+ Kxf8 36. Kf3 Ke7 37. Nc1 Ke6 38. Ne2 Be1 39. exd5+ cxd5 40. c4 Bb4 41. g4 Bc5 42. Nc3 e4+ 43. Ke2 dxc4 44. Nxe4 Kd5 45. Nd2 c3 46. Nc4 Ke4 47. Nxa5 Bb4 48. Nc4 c2 0-1

[Event "Karelia-ch"]
[Site "Petrozavodsk"]
[Date "2011.02.27"]
[Round "9"]
[White "Nasonov, Vadim"]
[Black "Potievskaya, Alexandra"]
[Result "1-0"]
[WhiteElo "2147"]
[BlackElo "1811"]
[PlyCount "163"]
[EventDate "2011.02.22"]
[EventType "swiss"]
[EventRounds "9"]
[EventCountry "RUS"]
[SourceTitle "CBM 141 Extra"]
[Source "ChessBase"]
[SourceDate "2011.05.03"]
[SourceVersion "1"]
[SourceVersionDate "2011.05.03"]
[SourceQuality "1"]

1. d4 d5 2. g3 Nf6 3. Bg2 Bf5 4. Nf3 e6 5. 0-0 Bd6 6. c4 c5 7. Nc3 h6 8. cxd5 exd5 9. dxc5 Bxc5 10. Ne5 Be6 11. Qa4+ Nbd7 12. Rd1 0-0 13. Nxd7 Bxd7 14. Qb3 d4 15. Nb5 Qb6 16. Na3 Qxb3 17. axb3 Bc6 18. b4 Bxb4 19. Rxd4 Bxg2 20. Kxg2 Bc5 21. Rc4 Rac8 22. b4 Be7 23. Be3 Rxc4 24. Nxc4 a6 25. Na5 Bxb4 26. Nxb7 Rb8 27. Bc5 Bxc5 28. Nxc5 a5 29. Ra4 Nd5 30. Nb3 Nc3 31. Rc4 Na2 32. Nc5 Rc8 33. Kf3 Nb4 34. Ke3 Nd5+ 35. Kd4 Nb6 36. Rc1 a4 37. Ra1 Ra8 38. Kc3 Rc8 39. Kb4 Nd5+ 40. Kc4 Nb6+ 41. Kb5 Nd5 42. Nxa4 Nc3+ 43. Nxc3 Rxc3 44. Ra2 Kf8 45. h4 g6 46. Kb4 Rc8 47. Kb3 Kg7 48. Rc2 Rd8 49. Kc3 Kf6 50. Rd2 Ra8 51. Kd3 Ra3+ 52. Ke4 Ke6 53. e3 h5 54. Rd4 Ra5 55. Rb4 Re5+ 56. Kf3 Kf6 57. e4 Ra5 58. Kf4 Ke7 59. Rb7+ Ke6 60. Rb6+ Ke7 61. f3 f6 62. Rb7+ Kf8 63. g4 hxg4 64. Kxg4 f5+ 65. Kf4 fxe4 66. fxe4 Ra4 67. Rd7 Ra1 68. Ke5 Rh1 69. Kf6 Ke8 70. Rh7 Rg1 71. e5 Rf1+ 72. Kxg6 Rg1+ 73. Kf6 Rf1+ 74. Ke6 Kf8 75. Rh5 Ra1 76. Kf6 Kg8 77. Rg5+ Kf8 78. h5 Rh1 79. Rf5 Ke8 80. Kg6 Rg1+ 81. Rg5 Rf1 82. h6 1-0

[Event "Karelian op 10th"]
[Site "Petrozavodsk"]
[Date "2010.10.14"]
[Round "7"]
[White "Bogdeev, Semen A"]
[Black "Potievskaya, Alexandra"]
[Result "1-0"]
[WhiteElo "1840"]
[BlackElo "1812"]
[PlyCount "105"]
[EventDate "2010.10.01"]
[EventType "swiss"]
[EventRounds "9"]
[EventCountry "RUS"]
[SourceTitle "EXT 2022"]
[Source "ChessBase"]
[SourceDate "2021.10.06"]
[SourceVersion "1"]
[SourceVersionDate "2021.10.06"]
[SourceQuality "1"]

1. d4 d5 2. c4 e6 3. Nc3 Nf6 4. cxd5 exd5 5. Nf3 c6 6. Bg5 Be7 7. e3 0-0 8. Bd3 Bg4 9. 0-0 h6 10. Bxf6 Bxf6 11. Rb1 Nd7 12. b4 a6 13. a4 Re8 14. b5 axb5 15. axb5 Nf8 16. h3 Bh5 17. bxc6 bxc6 18. Be2 Ne6 19. Qd2 Qd6 20. Rfc1 Reb8 21. Ne1 Bxe2 22. Nxe2 Bd8 23. Rxb8 Rxb8 24. Qc3 Rb6 25. Nd3 Bc7 26. Ng3 f6 27. Nc5 Ng5 28. h4 Ne6 29. Nxe6 Qxe6 30. Qc5 Qg4 31. Qe7 Rb7 32. Qe8+ Kh7 33. Qxc6 Ra7 34. Qc5 Bb8 35. Qb6 Bxg3 36. Qxa7 Bxh4 37. Qa2 Qe6 38. Rc5 Qf5 39. Rxd5 Qg4 40. Qc2+ Kg8 41. Rd8+ Kf7 42. Qc7+ Kg6 43. Rd7 Kh7 44. Rxg7+ Qxg7 45. Qxg7+ Kxg7 46. g3 Bxg3 47. fxg3 f5 48. Kf2 Kf6 49. Ke2 h5 50. Kf3 Kg5 51. d5 Kf6 52. Kf4 Kg6 53. Ke5 1-0

[Event "Karelian op 10th"]
[Site "Petrozavodsk"]
[Date "2010.10.11"]
[Round "4"]
[White "Potievskaya, Alexandra"]
[Black "Kolegov, Andrey"]
[Result "1-0"]
[WhiteElo "1812"]
[BlackElo "1928"]
[PlyCount "157"]
[EventDate "2010.10.01"]
[EventType "swiss"]
[EventRounds "9"]
[EventCountry "RUS"]
[SourceTitle "EXT 2022"]
[Source "ChessBase"]
[SourceDate "2021.10.06"]
[SourceVersion "1"]
[SourceVersionDate "2021.10.06"]
[SourceQuality "1"]

1. e4 e5 2. Nf3 Nc6 3. Bb5 a6 4. Ba4 Nf6 5. d3 d6 6. h3 b5 7. Bb3 Na5 8. 0-0 Be7 9. Re1 Nxb3 10. axb3 0-0 11. Bg5 Nd5 12. Bxe7 Nxe7 13. Nbd2 Ng6 14. Nf1 f5 15. exf5 Bxf5 16. Ng3 Bc8 17. Re3 Qf6 18. Nh5 Qf7 19. Qe2 Ne7 20. Nh4 Bb7 21. c4 g5 22. Rg3 h6 23. Qg4 Qxf2+ 24. Kh2 Bc8 25. Qe4 Bf5 26. Nxf5 Qxf5 27. Qe2 Qf2 28. Qg4 Qf5 29. Qe2 Ng6 30. Rf3 Nf4 31. Nxf4 gxf4 32. g3 fxg3+ 33. Rxg3+ Kh7 34. cxb5 a5 35. Rg2 Qf4+ 36. Kh1 Qf3 37. Kh2 Qxe2 38. Rxe2 Rf3 39. Rd2 Kg6 40. Rc1 Ra7 41. Rc6 Rb7 42. Kg2 Rf7 43. Rdc2 Rxb5 44. R2c3 Rb7 45. Ra6 Rb5 46. Rac6 Kf6 47. Kf2 Ke6+ 48. Ke2 Rb4 49. R6c4 c5 50. Rxb4 axb4 51. Rc4 Rf4 52. Rc1 Rh4 53. Rh1 Kf5 54. Ke3 Ke6 55. Kf3 d5 56. Ke3 d4+ 57. Kf3 Kd5 58. Ke2 e4 59. dxe4+ Rxe4+ 60. Kd2 Re3 61. Kc2 Ke4 62. h4 d3+ 63. Kc1 Kd4 64. h5 Re4 65. Kd2 Re2+ 66. Kc1 Re4 67. Kd2 Rf4 68. Rh2 Ke4 69. Rh1 Rf2+ 70. Kc1 Ke3 71. Re1+ Re2 72. Rh1 Rc2+ 73. Kb1 Rf2 74. Kc1 Ke2 75. Rd1 Rh2 76. Rd2+ Kf3 77. Rxh2 Kg3 78. Rh1 Kg2 79. Re1 1-0

[Event "Petrozavodsk nt"]
[Site "Petrozavodsk"]
[Date "2010.03.22"]
[Round "3"]
[White "Khachemizov, Kazbek I"]
[Black "Potievskaya, Alexandra"]
[Result "1-0"]
[WhiteElo "1794"]
[BlackElo "1855"]
[PlyCount "103"]
[EventDate "2010.03.20"]
[EventType "tourn"]
[EventRounds "9"]
[EventCountry "RUS"]
[SourceTitle "EXT 2022"]
[Source "ChessBase"]
[SourceDate "2021.10.06"]
[SourceVersion "1"]
[SourceVersionDate "2021.10.06"]
[SourceQuality "1"]

1. c4 e6 2. e4 c6 3. Nc3 d5 4. e5 Nd7 5. f4 Ne7 6. Nf3 Ng6 7. g3 Be7 8. b3 0-0 9. h4 Bc5 10. d4 Bb4 11. Qc2 f5 12. a3 Bxc3+ 13. Qxc3 b6 14. Ng5 Re8 15. Qf3 h6 16. Qh5 Ndf8 17. Nf3 Qe7 18. Bd3 Qf7 19. Nh2 Nxe5 20. Qxf7+ Nxf7 21. g4 Nd6 22. Be2 Ne4 23. Rg1 Ba6 24. Be3 Nd7 25. g5 hxg5 26. hxg5 dxc4 27. bxc4 g6 28. Nf1 Kf7 29. Nd2 Nxd2 30. Kxd2 Rh8 31. Rh1 Kg7 32. Kc3 Rxh1 33. Rxh1 Rh8 34. Rxh8 Kxh8 35. Bf3 c5 36. Bc6 Bc8 37. Bxd7 Bxd7 38. dxc5 bxc5 39. Bxc5 a5 40. Kd4 Kg7 41. Ke5 Kf7 42. Bd6 Bc6 43. Bc7 a4 44. Kd6 Be4 45. Kd7 Bd3 46. c5 Bb5+ 47. c6 Ba6 48. Be5 Bb5 49. Bf6 Kf8 50. Kd6 Ke8 51. Kc7 Bc4 52. Kb6 1-0

[Event "Karelian Autumn op-B"]
[Site "Petrozavodsk"]
[Date "2009.10.14"]
[Round "6"]
[White "Potievskaya, Alexandra"]
[Black "Velikodvorskaya, Regina"]
[Result "1/2-1/2"]
[WhiteElo "1876"]
[BlackElo "1737"]
[PlyCount "66"]
[EventDate "2009.10.10"]
[EventType "swiss"]
[EventRounds "9"]
[EventCountry "RUS"]
[SourceTitle "EXT 2022"]
[Source "ChessBase"]
[SourceDate "2021.10.06"]
[SourceVersion "1"]
[SourceVersionDate "2021.10.06"]
[SourceQuality "1"]

1. e4 e6 2. d4 d5 3. Nd2 Nf6 4. e5 Nfd7 5. Ngf3 c5 6. c3 Nc6 7. Bd3 Be7 8. 0-0 0-0 9. Re1 cxd4 10. cxd4 Re8 11. a3 a6 12. Nf1 Nf8 13. Ng3 f5 14. Be3 Bd7 15. Rc1 g5 16. Ne2 g4 17. Nd2 Bg5 18. Nb3 Bxe3 19. fxe3 Qg5 20. Nf4 Ng6 21. g3 Re7 22. Nc5 Nxf4 23. exf4 Qg7 24. Be2 h5 25. b4 Nd8 26. Rc3 Be8 27. Qd2 Qh7 28. Rec1 h4 29. Qe1 Qh6 30. Qf2 Bc6 31. R1c2 Be8 32. Nd3 hxg3 33. Qxg3 Bc6 1/2-1/2

[Event "Rybinsk op"]
[Site "Rybinsk"]
[Date "2009.06.15"]
[Round "3"]
[White "Potievskaya, Alexandra"]
[Black "Denisov, Sergei"]
[Result "0-1"]
[WhiteElo "1894"]
[BlackElo "2195"]
[PlyCount "66"]
[EventDate "2009.06.14"]
[EventType "swiss"]
[EventRounds "9"]
[EventCountry "RUS"]
[SourceTitle "CBM 131 Extra"]
[Source "ChessBase"]
[SourceDate "2009.09.03"]
[SourceVersion "2"]
[SourceVersionDate "2009.09.16"]
[SourceQuality "1"]

1. e4 e5 2. Nf3 Nc6 3. Bb5 a6 4. Ba4 Nf6 5. d3 b5 6. Bb3 Bc5 7. 0-0 d6 8. c3 Bb6 9. h3 h6 10. Be3 Rb8 11. Nbd2 0-0 12. d4 Qe7 13. Bc2 Nd8 14. Re1 c5 15. d5 Nh5 16. Nf1 c4 17. Bxb6 Rxb6 18. Ng3 Nf4 19. Nh2 Qg5 20. Qf3 Nb7 21. b4 cxb3 22. axb3 a5 23. Kh1 b4 24. cxb4 Rxb4 25. Ra4 Bd7 26. Rxb4 axb4 27. Ra1 Rc8 28. Qd1 Rc3 29. Nf3 Qf6 30. Ng1 Qh4 31. Kh2 g5 32. f3 g4 33. Nf5 Qf2 0-1